| 000 | 01142nam a2200229Ia 4500 | ||
|---|---|---|---|
| 999 |
_c38347 _d38347 |
||
| 001 | 4357 | ||
| 003 | GE_BSU | ||
| 005 | 20191011164712.0 | ||
| 008 | 181216s2000||||ge |||||||||||||| ||geo|| | ||
| 020 | _a 9992849455 | ||
| 040 | _cGE_BSU | ||
| 041 | _ageo | ||
| 080 | _a330.101(075.8) ლ–85 | ||
| 100 |
_aლორთქიფანიძე, რევაზ _93150 |
||
| 245 |
_aეკონომიკის თეორიული საფუძვლები : _bდამხმ. სახელმძღვ. ეკონომიკსისა და საერთ. ეკონ. ურთიერთობათა დისციპლინებში / _cრევაზ ლორთქიფანიძე; რედ. თამარ აბულაძე. |
||
| 264 |
_aბათუმი : _bგამ–ბა იურიდიული ლიტ–რა, _c2000. |
||
| 300 |
_a54 გვ. ; _b20 სმ. |
||
| 653 | _aეკონომიკსი; | ||
| 653 | _aეკონომიკის თეორია; | ||
| 700 |
_aაბულაძე, თ. _eრედაქტორი _93718 |
||
| 942 |
_cBK _2udc |
||